Cry for liberation (Record no. 832)

MARC details
000 -LEADER
fixed length control field 00974 a2200241 4500
008 - FIXED-LENGTH DATA ELEMENTS--GENERAL INFORMATION
fixed length control field 080821t xxu||||| |||| 00| 0 eng d
010 ## - LIBRARY OF CONGRESS CONTROL NUMBER
LC control number ENG-84982
020 ## - INTERNATIONAL STANDARD BOOK NUMBER
International Standard Book Number 8185359253
Terms of availability 425.00
035 ## - SYSTEM CONTROL NUMBER
System control number EN-68515
037 ## - SOURCE OF ACQUISITION
Source of stock number/acquisition D.B.Act / Pub
082 ## - DEWEY DECIMAL CLASSIFICATION NUMBER
Classification number 305.56
100 ## - MAIN ENTRY--PERSONAL NAME
Personal name Singh, R. B.
245 ## - TITLE STATEMENT
Title Cry for liberation
Statement of responsibility, etc by R. B. Singh
Remainder of title study of schedule castes working women in rural Punjab
250 ## - EDITION STATEMENT
Edition statement 1st ed.
260 ## - PUBLICATION, DISTRIBUTION, ETC. (IMPRINT)
Place of publication, distribution, etc Delhi
Name of publisher, distributor, etc Independent Publishing
Date of publication, distribution, etc 2007
260 ## - PUBLICATION, DISTRIBUTION, ETC. (IMPRINT)
Place of publication, distribution, etc Delhi
Name of publisher, distributor, etc Ajay Book Distributors
270 ## - ADDRESS
Address 4774, Deputy Ganj, Sadar Bazar
City Delhi
State or province Delhi
Postal code 110006
270 ## - ADDRESS
Address 19, Edward Line, Kingsway Camp
City Delhi
State or province Delhi
Postal code 110009
300 ## - PHYSICAL DESCRIPTION
Extent xxv, 136 p.
Dimensions 22 cm. (Hb)
500 ## - GENERAL NOTE
General note Includes bibliographical references and index
942 ## - ADDED ENTRY ELEMENTS (KOHA)
Institution code [OBSOLETE] dpl
Koha item type English Books
Call number prefix 305.56 / SIN
Source of classification or shelving scheme Dewey Decimal Classification
Classification part 305.56
Call number suffix SIN
Holdings
Withdrawn status Lost status Damaged status Not for loan Home library Current library Date acquired Cost, normal purchase price Total Checkouts Full call number Barcode Date last seen Copy number Uniform Resource Identifier Cost, replacement price Price effective from Koha item type
        D.B.Act.Division D.B.Act.Division 21/08/2008 425.00   305.56 SIN EN-68515 15/09/2008 1 822 425.00 15/09/2008 English Books

© Delhi Public Library
Hit Counter
free hit counter